[Event "Hotel Irottko GM"]
[Site "Koszeg"]
[Date "1999.06.28"]
[Round "6"]
[White "Schebler, Gerhard"]
[Black "Weinzettl, Ernst"]
[Result "1-0"]
[WhiteElo "2439"]
[BlackElo "2420"]

1.Nf3 d5 2.g3 c6 3.Bg2 Bg4 4.O-O e6 5.d4 Nf6 6.Nbd2 Nbd7 7.Re1 Be7 8.e4 O-O
9.c3 dxe4 10.Nxe4 Nxe4 11.Rxe4 Bh5 12.Qb3 Qb6 13.Re1 Bg6 14.Nd2 Bd3 15.Nc4 Qa6
16.Ne3 Nb6 17.Ng4 Qa4 18.Ne5 Qxb3 19.axb3 Bc2 20.Nc4 Nxc4 21.bxc4 Bd6 22.b4 Bd3
23.Bf1 Bxf1 24.Kxf1 Bc7 25.Be3 a5 26.b5 a4 27.Reb1 Ba5 28.Ra3 Rfc8 29.b6 f6
30.c5 Kf7 31.Rba1 Ra6 32.Ke2 Rca8 33.Kd3 e5 34.Rxa4 Ke6 35.Kc4 exd4 36.cxd4  1-0

[Event "World op"]
[Site "Philadelphia"]
[Date "1999.06.29"]
[Round "3"]
[White "Akopian, Vladimir"]
[Black "Payen, Arnaud"]
[Result "1-0"]
[WhiteElo "2640"]
[BlackElo "2415"]

1.Nf3 d5 2.g3 Nf6 3.Bg2 Bf5 4.O-O e6 5.d3 h6 6.Nbd2 Be7 7.b3 O-O 8.Bb2 Bh7
9.c4 c6 10.a3 a5 11.Rc1 Nbd7 12.Rc2 Re8 13.Qa1 Bf8 14.Ne5 Qe7 15.Nxd7 Nxd7
16.Rfc1 Qd6 17.Qb1 Ra7 18.Rd1 e5 19.cxd5 cxd5 20.Rdc1 e4 21.dxe4 dxe4 22.e3 Bf5
23.Bd4 Raa8 24.Rc7 Qxa3 25.Nxe4 Rad8 26.Nf6+ Nxf6 27.Qxf5 Re6 28.Ra1 Qxb3
29.Rxb7 Bb4 30.Qxa5 Bxa5 31.Rxb3 Bc7 32.Rb5 Rde8 33.Bh3 R6e7 34.Ra7 Bd6 35.Rxe7 Bxe7
36.Rb7 Kf8 37.Bf5 Rd8 38.Kg2 Ne8 39.Bc2 Nd6 40.Bxg7+  1-0

[Event "White Nights"]
[Site "St Petersburg"]
[Date "1999.06.29"]
[Round "4"]
[White "Loginov, Valery A"]
[Black "Lytchak, Alexander"]
[Result "1-0"]
[WhiteElo "2532"]
[BlackElo "2375"]

1.Nf3 d5 2.g3 c6 3.Bg2 Bg4 4.c4 e6 5.cxd5 exd5 6.O-O Nd7 7.d3 Ngf6 8.Nc3 Be7
9.Qc2 O-O 10.e4 Nc5 11.Ne5 Bh5 12.exd5 cxd5 13.d4 Nce4 14.Nxe4 dxe4 15.Be3 Qd5
16.Rfc1 Bd6 17.Qb3 Rfe8 18.Nd7 Qxb3 19.Nxf6+ gxf6 20.axb3 a6 21.h3 Be2 22.Bf1 Bf3
23.Bc4 Rad8 24.Kf1 Kg7 25.Be2 Bb8 26.Rc4 Rd5 27.Rc5 Rd7 28.Bxf3 exf3 29.Rf5 Bxg3
30.Rxf3 Bh4 31.Ra5 Re4 32.Rc5 Kg6 33.Rc8 f5 34.Rg8+ Kf6 35.Bd2 Ke6 36.Bc3 h6
37.Re8+ Re7 38.Rd8 f4 39.Rh8 Kf5  1-0

[Event "Hotel Irottko IM"]
[Site "Koszeg"]
[Date "1999.06.30"]
[Round "8"]
[White "Stolte, Alexander"]
[Black "Posch, Werner"]
[Result "1/2-1/2"]
[WhiteElo "2237"]
[BlackElo "2292"]

1.Nf3 d5 2.g3 c6 3.Bg2 Nf6 4.O-O Bf5 5.d3 e6 6.c4 Nbd7 7.Nc3 Be7 8.cxd5 exd5
9.Be3 O-O 10.Qb3 Qc7 11.Rac1 Bc5 12.Nd4 Bg6 13.Na4 Bb6 14.Bf4 Qd8 15.Qc3 Qe7
16.Rfe1 Rfe8 17.b4 Nh5 18.Bd2 f5 19.Nc5 Nxc5 20.bxc5 Bc7 21.f4 Nf6 22.Rb1 Rab8
23.e3 Nd7 24.Rec1 Qf8 25.Qa3 a6 26.Kf2 Qe7 27.Rc2 Bb6 28.Rbc1 Ba7 29.Rc3 Nf8
30.R1c2 Rbd8 31.Rb3 Rd7 32.Qc1 Ne6 33.Nxe6 Qxe6 34.d4 Ree7 35.Rcb2 Qf7 36.Qb1 h6
37.Ke2 Bh5+ 38.Kd3 g5 39.Qf1 Qg7 40.Kc2 Bg6 41.Kb1 Kh8 42.a3 Qh7 43.Ka2 Rf7
44.Bf3 Rde7 45.Be2 Qg7 46.Ba5 Rd7 47.h3 Rfe7 48.Qg1 Qf7 49.Bd3 Qe6 50.Bb1 Bb8
51.Be1 gxf4 52.gxf4  1/2-1/2

[Event "EUCup99 (Women)"]
[Site "Nova Gorica"]
[Date "1999.06.30"]
[Round "3"]
[White "Kononenko, Tatiana"]
[Black "Khurtsidze, Nino"]
[Result "1-0"]
[WhiteElo "2295"]
[BlackElo "2417"]

1.Nf3 d5 2.g3 Nf6 3.Bg2 Bg4 4.c4 c6 5.b3 Nbd7 6.Bb2 e6 7.O-O Bd6 8.d3 O-O
9.Nbd2 Qc7 10.a3 a5 11.h3 Bh5 12.Qc2 Rfd8 13.Rfe1 Bg6 14.Nh4 Nf8 15.Nxg6 hxg6
16.d4 Rac8 17.e4 dxe4 18.Nxe4 Nxe4 19.Qxe4 Be7 20.Rad1 Nd7 21.Rd3 Bf8 22.Red1 a4
23.b4 Nf6 24.Qe2 Qb6 25.f4 Rd7 26.Kh2 Rcd8 27.Re3 Qc7 28.Rc1 Qb6 29.Bf3 Rc8
30.Qc2 Ra8 31.Bc3 Qd8 32.Rd1 Ne8 33.Red3 Nc7 34.Qg2 Be7 35.h4 Bf6 36.Qh3 Ne8
37.h5 gxh5 38.Bxh5 Nd6 39.d5 Ne4 40.Bxf7+ Kf8 41.Bxf6 Qxf6 42.Bxe6 Rdd8 43.d6 g5
44.fxg5 Qf2+ 45.Qg2 Kg7 46.Qxf2 Nxf2 47.Bf5 Re8 48.d7 Rh8+ 49.Kg2 Nxd3 50.Rxd3 Kf7
51.Re3 Rad8 52.g4 Kg7 53.Re7+ Kf8 54.Re1 Rg8 55.g6 Rg7 56.Kf3 Rgxd7 57.Bxd7 Rxd7
58.Kf4 Rd3 59.Re3 Rb3 60.Ke4 Rb1 61.Rf3+ Kg8 62.c5 Rg1 63.Kf5 Rb1 64.Rd3 Rb3
65.Ke4 Rb1 66.Rd8+ Kg7 67.Rd7+ Kg8 68.Rxb7 Rb3 69.b5  1-0

[Event "White Nights"]
[Site "St Petersburg"]
[Date "1999.07.01"]
[Round "6"]
[White "Loginov, Valery A"]
[Black "Lukin, Andrei M"]
[Result "1/2-1/2"]
[WhiteElo "2532"]
[BlackElo "2440"]

1.Nf3 d5 2.g3 g6 3.Bg2 Bg7 4.c4 dxc4 5.Qa4+ Nc6 6.Nc3 e5 7.Qxc4 Nge7 8.d3 O-O
9.O-O h6 10.Bd2 Be6 11.Qa4 Nd4 12.Rfc1 c6 13.Ne1 Nd5 14.Kf1 Nb6 15.Qd1 a5
16.e3 Nf5 17.Ne4 Nd7 18.b4 axb4 19.Bxb4 Re8 20.a4 Bd5 21.Kg1 b6 22.Rcb1 c5
23.Bc3 Qc7 24.Nd2 Bxg2 25.Nxg2 Nd6 26.e4 c4 27.Ne3 cxd3 28.Nd5 Qc6 29.Qf3 Rxa4
30.Rxa4 Qxa4 31.Bb4 Qc6 32.Qxd3 Nc5 33.Bxc5 Qxc5 34.Rxb6 Re6 35.Nb3 Qc4 36.Rb8+ Kh7
37.Qxc4 Nxc4 38.Rb4 Rc6 39.Ne7 Rc7 40.Nd5 Rc6 41.Ne7 Rc7  1/2-1/2

[Event "Hotel Irottko GM"]
[Site "Koszeg"]
[Date "1999.07.02"]
[Round "10"]
[White "Schebler, Gerhard"]
[Black "Estrada Nieto, Julian"]
[Result "0-1"]
[WhiteElo "2439"]
[BlackElo "2370"]

1.Nf3 d5 2.g3 Nf6 3.Bg2 e6 4.O-O Be7 5.c4 O-O 6.d4 dxc4 7.Qc2 a6 8.a4 Bd7
9.Bg5 Bc6 10.Qxc4 a5 11.Nc3 Ra6 12.e3 Rb6 13.Qe2 Ne4 14.Bxe7 Qxe7 15.Qc2 Nxc3
16.bxc3 Bxf3 17.Bxf3 Nd7 18.Rab1 Rxb1 19.Rxb1 b6 20.Rb5 e5 21.Bc6 exd4 22.cxd4 g6
23.Rb3 Rd8 24.Rc3 Nf8 25.Bf3 Ne6 26.h4 c5 27.d5 Nc7 28.Rd3 Ne8 29.Bg2 Nd6
30.Qb2 Rb8 31.Rb3 b5 32.axb5 c4 33.Ra3 Rxb5 34.Qa1 Nb7 35.e4 Rb3 36.Ra4 Qc5
37.Qf1 Rb4 38.Ra2 c3 39.Qe2 Qd4 40.Ra1 Rb2 41.Qe1 Nc5 42.Rd1 Qxd1 43.Qxd1 c2  0-1

[Event "Ljubljana op 10th"]
[Site "Ljubljana"]
[Date "1999.07.02"]
[Round "8"]
[White "Kukovec, Borut"]
[Black "Drobne, Marjan"]
[Result "1-0"]
[WhiteElo "2000"]
[BlackElo "2049"]

1.Nf3 d5 2.g3 c5 3.c4 d4 4.d3 Nc6 5.Bg2 Nf6 6.O-O e5 7.a3 a5 8.e3 Be7 9.exd4 exd4
10.Re1 O-O 11.Bg5 Re8 12.Nbd2 Nd7 13.Ne4 Qc7 14.Bf4 Nde5 15.Nxe5 Nxe5 16.Qh5 Bd8
17.Bxe5 Rxe5 18.Nd6 Rxe1+ 19.Rxe1 g6 20.Qh6  1-0

[Event "NOR-ch"]
[Site "Gausdal"]
[Date "1999.07.03"]
[Round "1"]
[White "Dannevig, Oystein"]
[Black "Myhrvold, Rune"]
[Result "1-0"]
[WhiteElo "2350"]
[BlackElo "2249"]

1.Nf3 d5 2.g3 c6 3.Bg2 Bg4 4.b3 Bxf3 5.Bxf3 e5 6.d3 Nf6 7.Bb2 Bb4+ 8.c3 Bc5
9.Nd2 O-O 10.O-O Qe7 11.b4 Bb6 12.e4 Rd8 13.exd5 cxd5 14.Re1 a5 15.a3 axb4
16.axb4 Rxa1 17.Bxa1 Nc6 18.Qa4 Qd6 19.Bb2 e4 20.dxe4 Ne5 21.Re2 dxe4 22.Bxe4 g6
23.c4 Nxe4 24.Nxe4 Qd1+ 25.Qxd1 Rxd1+ 26.Kg2 Nxc4 27.Nf6+ Kg7 28.Ne8+ Kg8
29.Nf6+ Kg7 30.Nh5+ Kg8 31.Re8+  1-0

[Event "Hotel Irottko GM"]
[Site "Koszeg"]
[Date "1999.07.03"]
[Round "11"]
[White "Hoffmann, Michael"]
[Black "Schebler, Gerhard"]
[Result "1/2-1/2"]
[WhiteElo "2407"]
[BlackElo "2439"]

1.Nf3 d5 2.g3 e6 3.Bg2 Nf6 4.O-O Be7 5.c4 O-O 6.d4 dxc4 7.Qc2 a6 8.Qxc4 b5
9.Qc2 Bb7 10.Bd2 Be4 11.Qb3 Bd5  1/2-1/2

[Event "Hotel Irottko GM"]
[Site "Koszeg"]
[Date "1999.07.03"]
[Round "11"]
[White "Kustar, Sandor"]
[Black "Ruck, Robert"]
[Result "1/2-1/2"]
[WhiteElo "2434"]
[BlackElo "2492"]

1.Nf3 d5 2.g3 g6 3.Bg2 Bg7 4.d4 Nf6 5.c4 c6 6.b3 O-O 7.O-O a5 8.cxd5 cxd5
9.Ne5 Ne4 10.Nd2 Nc3 11.Qe1 Nd7 12.Bb2 Nb5 13.Ndf3 Nxe5 14.dxe5 Bf5 15.Qd2 Be4
16.a4 Na7 17.e6 Bxf3 18.exf7+ Rxf7 19.Bxf3 Bxb2 20.Qxb2 Nc6 21.Rad1 e6 22.Bg2 Qf6
23.Qxf6 Rxf6 24.e4 d4 25.e5 Nxe5 26.Rxd4 Nf3+ 27.Bxf3 Rxf3 28.Rd7 Rxb3 29.Rc1 b5
30.axb5 Rxb5 31.g4 h5  1/2-1/2

[Event "SVK-ch"]
[Site "Nove Zamky"]
[Date "1999.07.03"]
[Round "1"]
[White "Sergeev, Vladimir"]
[Black "Szaraz, Vojtech"]
[Result "1-0"]
[WhiteElo "2461"]
[BlackElo "2118"]

1.Nf3 d5 2.g3 Nf6 3.Bg2 e6 4.O-O Be7 5.d3 O-O 6.Nbd2 Nbd7 7.Re1 Re8 8.b3 a5
9.a3 h6 10.Bb2 c5 11.c4 d4 12.e3 e5 13.exd4 exd4 14.Qc2 Nf8 15.b4 axb4 16.axb4 Rxa1
17.Rxa1 b6 18.Ne5 Bd6 19.Nc6 Qd7 20.b5 Qf5 21.Ne4 Nxe4 22.dxe4 Qg4 23.f3 Qg6
24.f4 f6 25.Ra7 h5 26.Bc1 h4 27.Qd3 hxg3 28.hxg3 Qg4 29.Kf2 Ng6 30.Qf3 Qe6
31.Qh5 Nf8 32.e5 Qxc4 33.Qxe8  1-0

[Event "Frankfurt Ordix op"]
[Site "Frankfurt"]
[Date "1999.07.04"]
[Round "9"]
[White "Giorgadze, Giorgi"]
[Black "Milov, Vadim"]
[Result "1/2-1/2"]
[WhiteElo "2609"]
[BlackElo "2633"]

1.Nf3 d5 2.g3 Nf6 3.Bg2 c6 4.O-O Bf5 5.d3 e6 6.Nbd2 Nbd7 7.Qe1 Nc5 8.Nh4 h6
9.Nxf5 exf5 10.e4 fxe4 11.dxe4 dxe4 12.Nxe4 Ncxe4 13.Bxe4 Be7 14.Bg2 O-O
15.Bf4 Re8 16.Rd1 Qb6 17.Qc3 Bb4 18.Qb3 Bc5 19.Bf3 Rad8 20.Ra1  1/2-1/2

[Event "EUCup99 (Women)"]
[Site "Nova Gorica"]
[Date "1999.07.04"]
[Round "6"]
[White "Foisor, Cristina Adela B"]
[Black "Grabuzova, Tatiana"]
[Result "1/2-1/2"]
[WhiteElo "2370"]
[BlackElo "2281"]

1.Nf3 d5 2.g3 Nf6 3.Bg2 c5 4.O-O Nc6 5.d3 Bg4 6.Nbd2 e6 7.c3 Be7 8.a3 b5
9.b4 a5 10.bxc5 Bxc5 11.Nb3 Bxf3 12.Bxf3 Qe7 13.a4 b4 14.Nxc5 Qxc5 15.cxb4 Nxb4
16.Ba3 O-O 17.Qd2 Rfc8 18.Rab1 Qc6 19.Bxb4  1/2-1/2

[Event "Politiken Cup"]
[Site "Copenhagen"]
[Date "1999.07.05"]
[Round "3"]
[White "Olsen, Peter Erik"]
[Black "Peelen, Piet"]
[Result "1/2-1/2"]
[WhiteElo "2248"]
[BlackElo "2382"]

1.Nf3 d5 2.g3 c6 3.Bg2 Bg4 4.O-O e6 5.d3 Nf6 6.Nbd2 Nbd7 7.e4 Be7 8.Re1 O-O
9.h3 Bh5 10.e5 Ne8 11.g4 Bg6 12.Nf1 Nc7 13.Ng3 f6 14.exf6 Bxf6 15.d4 Be7
16.Be3 Bd6 17.Bg5 Qe8 18.Nh4 Qf7 19.Qd2 Rae8 20.Rf1 h6 21.Nxg6 Qxg6 22.Be3 e5
23.Nf5 exd4 24.Bxd4 Be5 25.Rae1 Qf6 26.c3 Bxd4 27.cxd4 Nb5 28.Qf4 Qg5 29.Qxg5 hxg5
30.a4 g6 31.axb5 gxf5 32.bxc6 bxc6 33.Rc1 fxg4 34.Rxc6 gxh3 35.Bxh3 Nf6 36.Ra1 Re7
37.Raa6 g4 38.Rxf6 Rxf6 39.Rxf6 gxh3 40.Rd6 Rg7+ 41.Kh2 Rg2+ 42.Kxh3 Rxf2
43.Rxd5  1/2-1/2

[Event "NOR-ch"]
[Site "Gausdal"]
[Date "1999.07.06"]
[Round "5"]
[White "Dannevig, Oystein"]
[Black "Hole, Oystein"]
[Result "1-0"]
[WhiteElo "2350"]
[BlackElo "2242"]

1.Nf3 d5 2.g3 Nf6 3.Bg2 Bf5 4.O-O e6 5.d3 Nbd7 6.Nbd2 h6 7.Re1 Bh7 8.e4 dxe4
9.dxe4 c6 10.e5 Nd5 11.Ne4 Nc5 12.Nxc5 Bxc5 13.a3 a5 14.Nd2 Nb6 15.Qg4 Qd4
16.Qxd4 Bxd4 17.Nb3 O-O-O 18.Nxd4 Rxd4 19.Be3 Rhd8 20.c3  1-0

[Event "Politiken Cup"]
[Site "Copenhagen"]
[Date "1999.07.08"]
[Round "6"]
[White "Sinkbaek, Aage"]
[Black "Ori, Marco"]
[Result "1/2-1/2"]
[WhiteElo "2232"]
[BlackElo "2068"]

1.Nf3 d5 2.g3 Nf6 3.Bg2 c6 4.O-O Bf5 5.d3 e6 6.b3 h6 7.Bb2 Nbd7 8.Nbd2 Be7
9.e4 dxe4 10.dxe4 Bh7 11.Qe2 O-O 12.Rad1 Qc7 13.Ne1 a5 14.e5 Nd5 15.c4 Nb4
16.a3 Na6 17.Be4 Bxe4 18.Qxe4 Ndc5 19.Qc2 Rfd8 20.Nef3 Rd3 21.Bc3 Rad8 22.Ne1 R3d7
23.b4 axb4 24.axb4 Nd3 25.Nxd3 Rxd3 26.Rb1 Bxb4 27.Rxb4 Nxb4 28.Bxb4 Qxe5
29.Nb3 Qe4 30.Qb1 Qf3 31.Nd2 Qg4 32.Qc1 Qd4 33.Qb1 c5 34.Ba5 Ra8 35.Qxb7 Rxa5
36.Nb3 Qc3 37.Qb8+ Kh7 38.Nxa5 Qxa5 39.Qb7 Kg8 40.Rb1 Rd4 41.Qb5 Qa2 42.Re1 Qxc4
43.Qe8+ Kh7 44.Qxf7 Re4 45.Rd1 Qc2 46.Rd8 Re1+ 47.Kg2 Qe4+ 48.Kh3 Qf5+ 49.Qxf5+ exf5
50.Rd5 c4 51.Rxf5 c3 52.Rc5 Rc1 53.Rc6 Rc2 54.Kg2 Rc1 55.Kf3 c2 56.h4 Kg8
57.Ke2 Kf7 58.Rc3 Kg6 59.Rc5 Kf6 60.Rc4 Kg6 61.Rc3 Kh5 62.Rc6 Kg4 63.Rc4+ Kh5
64.Kf3 Kg6 65.Rc5 Kf6 66.Rc8 Ke7 67.Ke2 Kf7 68.Rc6 Ke7 69.Rc3 Ke6 70.Kd3 Kd5
71.Rxc2 Rxc2 72.Kxc2 Ke4 73.Kd2 Kf3 74.Ke1 g5 75.hxg5 hxg5 76.Kf1 Ke4 77.Ke2 g4
78.Ke1 Ke5 79.Kd1 Kd5 80.Ke1 Ke5 81.Kf1 Kf5 82.Kg2 Ke4 83.Kg1 Ke5 84.Kf1 Kf5
85.Ke2 Ke4 86.f4 gxf3+ 87.Kf2 Ke5 88.Kxf3 Kf5 89.g4+ Kg5 90.Kg3 Kg6 91.Kf4 Kf6  1/2-1/2

[Event "Politiken Cup"]
[Site "Copenhagen"]
[Date "1999.07.08"]
[Round "6"]
[White "Lyrberg, Patrik"]
[Black "Baburin, Alexander"]
[Result "1/2-1/2"]
[WhiteElo "2395"]
[BlackElo "2593"]

1.Nf3 d5 2.g3 Nf6 3.Bg2 g6 4.O-O Bg7 5.d3 O-O 6.Nc3 d4 7.Na4 Nc6 8.c4 e5
9.Bg5 h6 10.Bxf6 Qxf6 11.a3 a5 12.Re1 Rb8 13.Rb1 Re8 14.Qc2 b6 15.Nd2 Bd7
16.b4 axb4 17.axb4 Qe7 18.b5 Nd8 19.e3 Ne6 20.Nf3 Qd6 21.exd4 exd4 22.Nd2 c5
23.bxc6 Bxc6 24.Qb3 Bxg2 25.Kxg2 Qc6+ 26.f3 Bf8 27.Qb5 Qxb5 28.cxb5 Nc5 29.Nxc5 Rxe1
30.Rxe1 Bxc5 31.Nb3 Bb4 32.Re4 Bc3 33.Nxd4 Rd8 34.Nc6 Rxd3 35.Re8+ Kg7 36.Rb8 Rd2+
37.Kh3 Ba5 38.Nxa5  1/2-1/2

[Event "NOR-ch"]
[Site "Gausdal"]
[Date "1999.07.09"]
[Round "8"]
[White "Dannevig, Oystein"]
[Black "Ostenstad, Berge"]
[Result "0-1"]
[WhiteElo "2350"]
[BlackElo "2446"]

1.Nf3 d5 2.g3 g6 3.Bg2 Bg7 4.O-O e5 5.d3 Ne7 6.e4 O-O 7.Nbd2 a5 8.a4 Nbc6
9.Re1 dxe4 10.Nxe4 h6 11.h3 Kh7 12.Bd2 Nd5 13.Re2 Rb8 14.Qe1 b6 15.Bc3 f5
16.Ned2 Nxc3 17.bxc3 Ba6 18.Re3 Qd6 19.Qb1 Rbd8 20.Qb3 e4 21.dxe4 f4 22.gxf4 Qxf4
23.Nc4 g5 24.Rd3 Bxc4 25.Qxc4 Ne5 26.Nxe5 Bxe5 27.f3 Bd6 28.Rad1 Qh2+ 29.Kf1 Bc5
30.Rd4 Rd6 31.Qe2 Qe5 32.Rd5 Qh2 33.R5d4 Kh8 34.R1d3 Rdf6 35.Ke1 Qg1+ 36.Qf1 Bxd4
37.cxd4 Qxf1+ 38.Kxf1 Rc6 39.c3 Rc4 40.h4 Rxa4 41.hxg5 hxg5 42.Kf2 Kg7 43.e5 Ra1
44.Bh3 a4 45.Be6 a3 46.Kg2 a2  0-1

[Event "Canadian op"]
[Site "Richmond"]
[Date "1999.07.09"]
[Round "7"]
[White "Ivankovic, Goran"]
[Black "Franett, Michael"]
[Result "1/2-1/2"]
[WhiteElo "2305"]
[BlackElo "2133"]

1.Nf3 d5 2.g3 c6 3.Bg2 Bg4 4.d3 Nf6 5.Nbd2 e6 6.c3 Be7 7.Qb3 Qb6 8.Qxb6 axb6
9.O-O Nbd7 10.c4 h6 11.cxd5 exd5 12.Nb3 O-O 13.h3 Bh5 14.Nbd4 Bg6 15.Nh4 Bh7
16.Ndf5 Rfe8 17.Nxe7+  1/2-1/2

[Event "Master Tournament"]
[Site "Dortmund"]
[Date "1999.07.12"]
[Round "4"]
[White "Poldauf, Dirk"]
[Black "Feigin, Mihail"]
[Result "1/2-1/2"]
[WhiteElo "2453"]
[BlackElo "2500"]

1.Nf3 d5 2.g3 Nf6 3.Bg2 e6 4.O-O b6 5.c4 Bb7 6.d4 Be7 7.Ne5 O-O 8.Nc3 Nbd7
9.Qa4 c6 10.Nxc6 Bxc6 11.Qxc6 Rc8 12.Qa4 Rxc4 13.Qxa7 Rxd4 14.Bf4 Rc4 15.Rad1 Qa8
16.Qxa8 Rxa8 17.e4 dxe4 18.Bxe4 Nxe4 19.Nxe4 Nf6 20.Nxf6+ Bxf6 21.b3 Rc3
22.Rd2 g5 23.Be3 b5 24.Rfd1 Kg7 25.Re2 Rc6  1/2-1/2

[Event "Budapest FS07 IM"]
[Site "Budapest"]
[Date "1999.07.13"]
[Round "11"]
[White "Schebler, Gerhard"]
[Black "Vadasz, Laszlo"]
[Result "1-0"]
[WhiteElo "2443"]
[BlackElo "2275"]

1.Nf3 d5 2.g3 c6 3.Bg2 Bg4 4.O-O Nf6 5.c4 e6 6.cxd5 Bxf3 7.Bxf3 cxd5 8.Qb3 Qd7
9.d4 Nc6 10.Qd3 Be7 11.Nc3 O-O 12.Bg2 Rac8 13.e3 Ne8 14.b3 Nd6 15.Bb2 Rfd8
16.Rac1 Nb4 17.Qe2 Rc7 18.Rfd1 Rdc8 19.Bf3 h6 20.Kg2 f5 21.a3 Nc6 22.Qd2 Nd8
23.Be2 Ne4 24.Nxe4 fxe4 25.Rxc7 Rxc7 26.Rc1 Nf7 27.Bg4 Rxc1 28.Qxc1 Nd6 29.a4 Ne8
30.Ba3 Bxa3 31.Qxa3 b6 32.a5 bxa5 33.Qxa5 Nd6 34.Qxd5  1-0

[Event "Lawrencewille m 25'"]
[Site "Lawrencewille"]
[Date "1999.07.14"]
[Round "1"]
[White "Ftacnik, Lubomir"]
[Black "Krush, Irina"]
[Result "1/2-1/2"]
[WhiteElo "2589"]
[BlackElo "2432"]

1.Nf3 d5 2.g3 Bg4 3.Bg2 Nf6 4.c4 c6 5.cxd5 Bxf3 6.Bxf3 cxd5 7.Nc3 e6 8.d3 Be7
9.Bd2 O-O 10.Rc1 Nc6 11.O-O Qd7 12.Bg2 Rac8 13.a3 h6 14.b4 Rfe8 15.Qb3 Bf8
16.Qb2 e5 17.b5 Nd4 18.a4 Bc5 19.e3 Ne6 20.Ne2 Bd6 21.Bb4 Qe7 22.Bxd6 Qxd6
23.d4 e4 24.Rc3 Rxc3 25.Qxc3 Re7 26.Qc8+ Kh7 27.Rc1 Rc7 28.Rxc7 Qxc7 29.Qxc7 Nxc7
30.Nc3 Kg8 31.Bh3 Nce8 32.Kf1 Kf8 33.Bg2 Ke7 34.f3 exf3 35.Bxf3 Kd6 36.Ke2  1/2-1/2

[Event "Master Tournament"]
[Site "Dortmund"]
[Date "1999.07.15"]
[Round "7"]
[White "Petrosian, Arshak B"]
[Black "Varga, Zoltan"]
[Result "1/2-1/2"]
[WhiteElo "2514"]
[BlackElo "2541"]

1.Nf3 d5 2.g3 g6 3.d4 Bg7 4.c4 c6 5.Qb3 Nf6 6.Nc3 O-O 7.Bg2 a5 8.c5 Ne4 9.Na4 Nd7
10.O-O e5 11.Nxe5 Nxe5 12.dxe5 Bxe5 13.Be3 Qe7 14.Rad1 Re8 15.Nb6 Ra6 16.Nxc8 Rxc8
17.Bxe4 dxe4 18.Rd2 Raa8 19.Rfd1 Rd8 20.Kg2 Rxd2 21.Rxd2 Bf6 22.h4 Kg7 23.Qa4 h5
24.b3 Bc3 25.Rc2 Ba1 26.b4 Qd8 27.bxa5 Qxa5 28.Qxe4 Qa4 29.Qxa4 Rxa4 30.Kf1 Kf6
31.Rd2 Ke7 32.Kg2 Be5 33.Kf3 Ra3 34.Ke4 Ke6 35.Kf3 Ra5 36.Rc2 Ra3 37.Kg2 Kd5
38.Rd2+ Ke6 39.Kf3 Ra5 40.Rd8 Ke7 41.Rd2 Ke6  1/2-1/2

[Event "Master Tournament"]
[Site "Dortmund"]
[Date "1999.07.15"]
[Round "7"]
[White "Mainka, Gregor"]
[Black "Schmittdiel, Eckhard"]
[Result "0-1"]
[WhiteElo "2340"]
[BlackElo "2505"]

1.Nf3 d5 2.g3 c5 3.Bg2 Nc6 4.d4 Nf6 5.O-O cxd4 6.Nxd4 Qb6 7.Nxc6 bxc6 8.c4 e6
9.cxd5 cxd5 10.Nc3 Bb7 11.b4 Qxb4 12.Bd2 Qd6 13.Bg5 Be7 14.e4 Nxe4 15.Bxe7 Kxe7
16.Qb3 Nxc3 17.Qxb7+ Kf6 18.Rfe1 Rhb8  0-1

[Event "Komercni Banka op"]
[Site "Pardubice"]
[Date "1999.07.17"]
[Round "2"]
[White "Gretarsson, Helgi Ass"]
[Black "Haub, Thorsten Michael"]
[Result "0-1"]
[WhiteElo "2521"]
[BlackElo "2364"]

1.Nf3 d5 2.g3 Nc6 3.Bg2 e5 4.d3 Nf6 5.O-O Be7 6.c3 O-O 7.Qc2 Bf5 8.Nbd2 e4
9.Nh4 exd3 10.exd3 Be6 11.Nb3 Qd7 12.Bg5 b6 13.Nf3 h6 14.Bf4 Bf5 15.Nbd4 Nxd4
16.Nxd4 Bh7 17.Rfe1 Rfe8 18.Qd2 c5 19.Nf3 Qf5 20.d4 Ne4 21.Qe2 Bf6 22.Be3 Qd7
23.Rad1 Qa4 24.a3 Rad8 25.Bf1 c4 26.Bg2 Re7 27.Ne5 Bf5 28.f4 g6 29.g4 Bc8
30.Rf1 Bg7 31.f5 Bxe5 32.dxe5 Rxe5 33.Bxh6 Qe8 34.Qf3 gxf5 35.gxf5 Bxf5 36.Qf4 Bg6
37.Bxe4 Rxe4 38.Qf6 Qe5 39.Qxd8+ Kh7 40.Qf6 Rg4+ 41.Kf2 Qxf6+ 42.Ke2 Bd3+
43.Kd2 Rg2+ 44.Kc1 Rc2+ 45.Kb1 Rf2+  0-1

[Event "Bydgoszcz Bank Pocztowy op"]
[Site "Bydgoszcz"]
[Date "1999.07.18"]
[Round "7"]
[White "Kastanieda, Georgiy"]
[Black "Prihotko, Alexander"]
[Result "1-0"]
[WhiteElo "2415"]
[BlackElo "2258"]

1.Nf3 d5 2.g3 Bg4 3.Bg2 Nd7 4.O-O c6 5.d3 Ngf6 6.b3 e5 7.c4 Bd6 8.Bb2 O-O
9.h3 Bh5 10.Qc2 Re8 11.e3 Rc8 12.Nbd2 Nc5 13.Bxe5 Bg6 14.Qc3 Bxd3 15.Bxd6 Qxd6
16.b4 Bxf1 17.bxc5 Qxc5 18.Bxf1 b5 19.Nb3 Qe7 20.c5 Ne4 21.Qc2 a5 22.Nxa5 Qf6
23.Nd4 Nxg3 24.fxg3 Rxe3 25.Rd1 Rxg3+ 26.Bg2 Re8 27.Naxc6 Qg5 28.Rf1 g6 29.Qf2 f5
30.Nf3 Qf4 31.Nfe5 Qg5 32.Kh2 f4 33.Bxd5+ Kg7 34.Qxf4  1-0

[Event "Paris-ch"]
[Site "Paris"]
[Date "1999.07.18"]
[Round "2"]
[White "Lefranc, B."]
[Black "Coursaget, Nicolas"]
[Result "0-1"]
[WhiteElo "2054"]
[BlackElo "2244"]

1.Nf3 d5 2.g3 c6 3.Bg2 Bg4 4.h3 Bxf3 5.Bxf3 g6 6.d3 Bg7 7.c3 Nd7 8.Nd2 Ngf6
9.O-O O-O 10.Qc2 Qc7 11.e4 dxe4 12.dxe4 Rad8 13.Nb3 c5 14.Be3 c4 15.Nd4 a6
16.b4 Ne5 17.Be2 Nd3 18.e5 Qxe5 19.Bxd3 cxd3 20.Qxd3 Qh5 21.Qe2 Qxh3 22.Qf3 Ng4
23.Rfe1 e5 24.Ne2 Rd3 25.Rad1 e4 26.Qg2 Qxg2+ 27.Kxg2 Nxe3+ 28.fxe3 Rxe3
29.Nd4 Rxc3 30.Rxe4 Rc4 31.Kf3 f5  0-1

[Event "SCO-ch"]
[Site "Edinburgh"]
[Date "1999.07.20"]
[Round "5"]
[White "McNab, Colin Anderson"]
[Black "Rowson, Jonathan"]
[Result "1/2-1/2"]
[WhiteElo "2445"]
[BlackElo "2490"]

1.Nf3 d5 2.g3 Nf6 3.Bg2 g6 4.b3 Bg7 5.Bb2 c5 6.e3 Nc6 7.O-O O-O 8.d4 cxd4
9.exd4 Bg4 10.Nbd2 Rc8 11.a3 Ne4 12.h3 Bf5 13.g4 Nxd2 14.Nxd2 Be6 15.Nf3 Qd6
16.Re1 Rc7 17.Re2 Rfc8 18.Qd3 f6 19.Nd2 Bf7 20.c4 e6 21.c5 Qf4 22.Nf3 Re7
23.Rae1 Rce8 24.b4 a6 25.g5 fxg5 26.Bc1 Qf5 27.Qxf5 exf5 28.Rxe7 Rxe7 29.Rxe7 Nxe7
30.Bxg5 Nc6 31.Be3 f4 32.Bxf4 Nxd4 33.Nxd4 Bxd4  1/2-1/2

[Event "Dutch Open"]
[Site "Dieren"]
[Date "1999.07.21"]
[Round "2"]
[White "Ernst, Sipke"]
[Black "Willemze, Jeroen"]
[Result "1/2-1/2"]
[WhiteElo "2444"]
[BlackElo "2269"]

1.Nf3 d5 2.g3 c6 3.Bg2 Bg4 4.b3 Nd7 5.Bb2 Ngf6 6.O-O g6 7.d3 Bg7 8.Nbd2 O-O
9.c4 a5 10.Qc2 e5 11.h3 Bxf3 12.Nxf3 Re8 13.cxd5 cxd5 14.Rfc1 Bh6 15.e3 d4
16.exd4 Bxc1 17.Qxc1 Rc8 18.Qh6 Rc2 19.Rb1 Qb6  1/2-1/2

[Event "SCO-ch"]
[Site "Edinburgh"]
[Date "1999.07.21"]
[Round "6"]
[White "McNab, Colin Anderson"]
[Black "Summerscale, Aaron"]
[Result "0-1"]
[WhiteElo "2445"]
[BlackElo "2420"]

1.Nf3 d5 2.g3 c5 3.c4 d4 4.b4 f6 5.bxc5 e5 6.d3 Bxc5 7.Bg2 Ne7 8.O-O O-O
9.Nbd2 Nec6 10.Nb3 Be7 11.e3 dxe3 12.Bxe3 Bg4 13.h3 Bh5 14.g4 Bf7 15.Rc1 Ba3
16.Rb1 Na6 17.Qd2 Qc7 18.Rfd1 Rad8 19.Qc3 Bb4 20.Qb2 Rd7 21.d4 exd4 22.Nbxd4 Rfd8
23.Rdc1 Nxd4 24.Nxd4 Qe5 25.Nb5 Rd1+ 26.Rxd1 Rxd1+ 27.Rxd1 Qxb2 28.Rd8+ Bf8
29.Bxb7 Bxc4 30.Nd6 Qb4 31.Bf4 Qb6 32.Rc8 Be6 33.Re8 Bf7 34.Rc8 Be6 35.Re8 Bf7
36.Rc8 g5 37.Bg3 Be6 38.Re8 Bf7 39.Rc8 Be6 40.Re8 Qb1+ 41.Kh2 Bf7 42.Rc8 Be6
43.Re8 Nc7 44.Rd8 Bd5 45.Bxd5+ Nxd5 46.Nf5 Nf4 47.h4 Qf1 48.Ne3 Qh3+ 49.Kg1 Ne2+  0-1

[Event "Komercni Banka op"]
[Site "Pardubice"]
[Date "1999.07.21"]
[Round "6"]
[White "Meduna, Eduard"]
[Black "Faibisovich, Vadim Z"]
[Result "0-1"]
[WhiteElo "2502"]
[BlackElo "2400"]

1.Nf3 d5 2.g3 Nf6 3.Bg2 g6 4.O-O Bg7 5.d3 O-O 6.Nbd2 c5 7.c3 Nc6 8.e4 dxe4
9.dxe4 h6 10.Qe2 Be6 11.Qb5 Qb6 12.a4 Nd7 13.Re1 Qc7 14.Nf1 c4 15.a5 a6 16.Qa4 Nc5
17.Qa3 Nb3 18.Bf4 Qxa5 19.Qxa5 Ncxa5 20.Rad1 Nc6 21.Ne3 Nc5 22.Nd5 Nd3 23.Re2 Rad8
24.Be3 Bxd5 25.exd5 Rxd5 26.Nd2 Nxb2 27.Ra1 Ra5 28.Rxa5 Nxa5 29.Bb6 Nc6 30.Bxc6 bxc6
31.Ba5 e6 32.Ne4 Rb8 33.Rd2 Nd3 34.Nd6 Rb1+ 35.Kg2 Ne1+ 36.Kh3 Nf3 37.Ra2 g5
38.g4 Rg1  0-1

[Event "Biel MTO"]
[Site "Biel"]
[Date "1999.07.22"]
[Round "3"]
[White "Kveinys, Aloyzas"]
[Black "Raetsky, Alexander"]
[Result "0-1"]
[WhiteElo "2515"]
[BlackElo "2408"]

1.Nf3 d5 2.g3 g6 3.Bg2 Bg7 4.c4 d4 5.O-O e5 6.e3 Nc6 7.exd4 Nxd4 8.Nxd4 Qxd4
9.Qa4+ Bd7 10.Qb3 Ne7 11.d3 Bc6 12.Bxc6+ bxc6 13.Be3 Qd7 14.Nc3 O-O 15.Bc5 Rfb8
16.Qc2 Nf5 17.Rad1 h5 18.Qe2 a5 19.Na4 Re8 20.f3 Nd4 21.Qf2 Rad8 22.Rfe1 Ne6
23.Be3 Bf8 24.a3 Rb8 25.Qc2 f5 26.Kg2 f4 27.gxf4 exf4 28.Ba7 Ra8 29.Qf2 Ng5
30.Rxe8 Rxe8 31.Kh1 Qh3 32.Rf1 Qf5 33.Rd1 Qh3 34.Nc3 Qxf3+ 35.Qxf3 Nxf3 36.Ne4 Bg7
37.Rf1 Ne5 38.Rxf4 Nxd3 39.Nf6+ Bxf6 40.Rxf6 Re1+ 41.Kg2 Re6 42.Rxe6 Nf4+
43.Kf3 Nxe6 44.Be3 a4 45.Ke4 Kf7 46.Ke5 g5 47.Kf5 g4 48.Bf2 Ng7+ 49.Kg5 Ke6
50.Bg3 Ne8 51.c5 Nf6 52.Bxc7 Ne4+ 53.Kxh5 Kf5 54.Bd6 Nf2 55.Bf8 Nd3 56.Bg7 Nxc5
57.Bd4 Nd3 58.Bc3 c5 59.Kh4 Kf4 60.Bd2+ Kf3 61.Bc3 Kf4 62.Bd2+ Kf3 63.Bc3 Nf2
64.Bg7 Ne4 65.Bf8 c4 66.Bg7 g3 67.hxg3 Nxg3 68.Kg5 Ke4 69.Bh8 Ne2 70.Kf6 Nf4
71.Kg5 Nd5 72.Kg4 Ne3+ 73.Kg5 Nd1 74.Kf6 Nxb2 75.Ke6 Nd1 76.Kd6 c3 77.Bxc3 Nxc3
78.Kc5 Kd3 79.Kb4 Kd4  0-1